000 00447nam a22001577a 4500
003 CEME
005 20210628203221.0
008 210203b xxu||||| |||| 00| 0 eng d
040 _c.
082 _a658.7 MOH
100 _aMohanty, R.P , Deshmukh,S.G
_964047
245 _aIndian case studies in supply chain management & other learning resources , indian text edition
260 _aINDIA
_bBIZTANTRA
_c2005
300 _a122P
942 _cBK
_2ddc
999 _c572690
_d572690